| 000 | 00991njm a2200301Ia 4500 | ||
|---|---|---|---|
| 001 | 38176 | ||
| 003 | IT-RoPAU | ||
| 005 | 20220918181131.0 | ||
| 008 | 131025s9999 xx 000 0 und d | ||
| 040 | _aIT-RoPAU | ||
| 040 | _cIT-RoPAU | ||
| 041 | _aINGLESE | ||
| 999 |
_c100564 _d100564 |
||
| 999 | _bn.d. | ||
| 100 |
_aHendrix Jimi _92655 |
||
| 100 |
_eAutore musica _920146 |
||
| 100 |
_gCodice autore musica SPICS: 5532 _92657 |
||
| 245 | _aCrash Landing | ||
| 250 | _a1a ed. | ||
| 260 | _aLONDRA | ||
| 260 |
_bPOLYDOR INC _c1986 [1a Ed.:1975 - Ed. Lingua Orig.: 1975] |
||
| 300 | _aMUSICASSETTA | ||
| 300 | _c31 minuti (Testo: pag.) | ||
| 500 | _aMusica pop | ||
| 505 | _aMessage To Love - Somewhere Over the Rainbow - Crash Landing - Come Down Hard On Me - Peace In Mississippi - With the Power - Stone Free Again - Captain Coconut | ||
| 650 |
_aPOP [CASSETTE] _eCodice MATERIA SPICS: 9951 _91073 |
||
| 700 |
_aHendrix Jimi _gCodice interprete SPICS: 5532 _eInterprete _920147 |
||
| 942 |
_cMC _2ddc |
||